| 000 | 00359 a2200157 4500 | ||
|---|---|---|---|
| 001 | 126831 | ||
| 020 | _a9782011560568 | ||
| 040 | _cEscola Canadense de Niteroi | ||
| 100 | _aAntier, Marine | ||
| 245 | 1 | 0 | _aTotem 2 : cahier d'activités méthode de français A2 |
| 300 | _bil. | ||
| 362 | 0 | _a2014 | |
| 490 | 0 | _aTotem | |
| 650 | 4 | _aFrancês | |
| 942 | _cBK | ||
| 999 |
_c126831 _d126831 |
||